[Event "Merida m"]
[Site "Merida"]
[Date "1996.??.??"]
[Round "7"]
[White "Kortschnoj, Viktor Lvovich"]
[Black "Hernandez Guerrero, Gilberto Eduardo"]
[Result "1-0"]
[WhiteElo "2635"]
[BlackElo "2560"]
[Annotator "Kortschnoj,V"]
[PlyCount "63"]
[EventDate "1996.11.??"]
[EventType "match"]
[EventRounds "8"]
[EventCountry "MEX"]
[SourceTitle "CBM 056"]
[Source "ChessBase"]
[SourceDate "1997.02.01"]
[SourceVersion "1"]
[SourceVersionDate "1997.02.01"]
[SourceQuality "1"]

1. d4 {Hansen,Cu Tsesarsky} (1. e4 c5 2. Nf3 d6 3. d4 cxd4 4. Qxd4 a6 5. c4 Nc6
6. Qd1 g6 7. Be2 Bg7 8. O-O Bg4 9. Nfd2 Bd7 10. Nb3 Nf6 11. Nc3 O-O 12. Be3 a5
13. Nd4 (13. Nd2 {-> game Kortschnoj-Hernandez (7)}) 13... Nxd4 14. Bxd4 Bc6
15. f3 Nd7 16. b3 Nc5 17. Rb1 Bxd4+ 18. Qxd4 e5 19. Qe3 Ne6 20. Bd3 Qg5 {
1/2-1/2 Panchenko,A-Sotnikov,I/RUS-ch Elista 1995}) 1... Nf6 2. c4 c5 3. Nf3
cxd4 4. Nxd4 Nc6 5. Nc3 g6 6. e4 d6 7. Be2 Bg7 8. Be3 O-O 9. O-O Bd7 10. Nb3 $5
{Hansen,Cu: One of Kortschnojs specialities. White has more space and so he
avoids to exchange pieces.} (10. Qd2 {Main line} Nxd4 11. Bxd4 Bc6 12. f3 a5
13. Rac1 Nd7 14. Be3 $1) 10... a5 (10... b6 $5 {Hansen,Cu} 11. Rc1 a5 12. Nd2
Bc8 13. Nb3 Bb7 14. f3 Nd7 15. Nd4 Nxd4 16. Bxd4 Nc5 $132 {Vescovi,G-Nielsen,
PH/WchJM-U20 Buenos Aires 1992 (30)}) 11. Nd2 (11. Nd4 Nxd4 12. Bxd4 Bc6 13. f3
Nd7 14. b3 Nc5 $11 {Panchenko,A-Sotnikov,I/RUS-ch Elista 1995}) 11... Nb4 (
11... Ne5 12. Nd5 (12. f3 Bc6 13. Rc1 Ned7 14. Nb3 a4 15. Nd4 Qa5 16. Qe1 Rfc8
17. Qf2 Nc5 18. Rc2 Nfd7 19. Rb1 Ne6 20. Nxe6 fxe6 21. Bf1 Rf8 22. Qh4 Rf7 23.
Nb5 Rc8 24. Nd4 Nc5 25. Rcc1 Bd7 26. b4 axb3 27. axb3 Bf6 28. Qh6 Bg7 29. Qh4
Bf6 30. Qh6 {1/2-1/2 Nikolenko,O-Bojczuk,Z/Moscow5-B 1991}) 12... Nxd5 13. cxd5
Be8 14. a4 $14) (11... Ne8 $5 {[%cal Gc6d4]} 12. Nf3 (12. Rc1 Nd4 13. Nb3 Nxe2+
14. Qxe2 a4 15. Nd4 Nc7 16. Rfd1 Qb8 17. h3 Rc8 18. Nf3 Bc6 19. c5 dxc5 20.
Bxc5 e6 21. Bd6 Qa7 22. Be5 Ne8 23. Bxg7 Kxg7 24. Ne5 Qa5 25. Nxc6 Rxc6 26. a3
Qe5 27. Qe3 Nd6 28. f4 Nc4 29. Qf2 Qc5 30. Qxc5 Rxc5 31. Nxa4 Rxa4 32. b3 Rxa3
33. Rxc4 Rxc4 34. bxc4 Rc3 35. Rd4 h5 36. h4 Kf6 37. Kf2 Ke7 38. e5 f6 39.
exf6+ Kxf6 40. Re4 Kf5 41. Re5+ Kxf4 42. Rxe6 Rc2+ 43. Kg1 Rxc4 44. Rxg6 b5 45.
Rg5 b4 46. Rxh5 Kg3 47. Kf1 Rxh4 48. Rxh4 Kxh4 49. Ke2 {1/2-1/2 Cvetkovic,
S-Martinovic,S/JUG-chT Cetinje 1991}) 12... Nf6 13. h3 a4 14. a3 Qa5 (14... Be6
{Tsesarsky} 15. Ng5 Qa5 $10) 15. c5 Be6 16. cxd6 Rfd8 17. Bd2 exd6 (17... Bb3
18. Qe1 Qc5 19. dxe7 Qxe7 20. Bb5 $14) 18. Nd5 Qa7 19. Be3 Qb8 20. Nb6 Bb3 21.
Qc1 Ra5 22. Nd2 d5 23. Nxb3 axb3 24. exd5 Nxd5 25. Nxd5 Raxd5 26. Bc4 Nd4 27.
Bxd4 Rxd4 28. Bxb3 Qf4 29. Qxf4 Rxf4 30. Rad1 Rxd1 31. Rxd1 Bxb2 {1/2-1/2
Cvetkovic,S-Jacimovic,D/JUG-sf Kladovo 1990}) (11... Bc8 $5 12. Rc1 (12. c5
dxc5 13. Bxc5 Be6 14. Nc4 Nd7 15. Be3 Rc8 16. Nd5 b5 17. Ncb6 Nxb6 18. Bxb6 Qd6
19. Bxb5 Nb4 20. Bxa5 Nxd5 21. exd5 Bxd5 22. Qd2 Bc4 23. Bxc4 Rxc4 24. Rac1 Ra4
25. Qxd6 exd6 26. Bc7 Bxb2 27. Bxd6 {1/2-1/2 Sion Castro,M-Vilela,J/Capablanca
mem-B 1991}) (12. f3 $5 {Tsesarsky}) 12... Nd7 {[%cal Gc6d4]} 13. Nb3 b6 14.
Nd4 (14. Qd2 {Tsesarsky}) 14... Nxd4 15. Bxd4 Bh6 16. f4 (16. Rc2 {Tsesarsky}
Bb7 (16... e5 $6 17. Be3 Bxe3 18. fxe3 Nc5 19. Rd2 Qg5 20. Rf3 Bb7 21. Rg3 Qe7
22. Rxd6 Rad8 23. Rxd8 Rxd8 24. Nd5 $14) 17. f4 Nc5 $132) 16... Bb7 17. Be3 Nc5
18. b3 Nxe4 19. Nxe4 Bxe4 20. Qd4 Bc6 21. f5 Bg7 (21... Bxe3+ {Tsesarsky} 22.
Qxe3 $44 {[%cal Gc1c3,Ge3h6,Yc3h3]}) 22. Qxb6 Qd7 23. fxg6 hxg6 24. Bg5 a4 25.
Qe3 axb3 26. axb3 Ra2 27. Rf2 Qe6 28. Bf3 {1/2-1/2 Kortschnoj,V-Anand,V/Wijk
1990}) 12. f3 $14 {Simply and strong} (12. f4 Bc6 13. Rc1 Nd7 14. a3 Na6 15.
Bd3 Nac5 16. Bc2 a4 17. Qe1 Qa5 18. e5 dxe5 19. f5 Nf6 20. Nf3 Bxf3 21. Rxf3 e4
22. Rh3 Nd3 23. Bxd3 exd3 24. fxg6 fxg6 25. Bd4 Rad8 26. Qe6+ {1-0 Gofshtein,
L-Smejkal,J/Prague 1993 (31)}) (12. a3 Na6 13. Rc1 Bc6 14. b3 Nd7 15. Qc2 Ndc5
16. Qb1 Nc7 17. b4 axb4 18. axb4 Na4 19. Nxa4 Bxa4 20. Nf3 Ne6 21. c5 dxc5 22.
bxc5 Qc8 {Speelman,J-Adianto,U/London Lloyds 1994/0-1 (54)} (22... Qc8 {
Tsesarsky} 23. Bc4 Nd8 (23... Rd8 24. Bd5 Bc6 $10) 24. h3 Nc6 $10 {0-1
Speelman,J-Adianto,U/London Lloyds (09) ;EXP 43 1994 (54)})) 12... Na6 (12...
Bc6 $5 {Hansen,Cu /\Nf6-d7-c5}) 13. Kh1 (13. Qe1 $5 {[%cal Ge1f2] Tsesarsky})
13... Bc6 {Tsesarsky: After f2-f3 Bc6 is not effective} (13... Be6 {Tsesarsky})
14. Nb3 Nd7 (14... a4 $5 15. Nd4 a3 16. bxa3 Qa5 17. Ncb5 $14) 15. Nd4 {
[%csl Rb5] Hansen,Cu: Quite incredible. White has used four moves to get the N
back to the square where it came from - Nd4-b3-d2-b3-d4. He is now better
because black has used his extra tempi to weaken his own position - in
particular square b5} Ndc5 16. Qd2 Ne6 17. Ndb5 {Tsesarsky: If you have space
advantage - don't change pieces!} Nac5 18. Rab1 $1 {[%cal Ga2a3,Gb2b3,Gb3b4]}
Kh8 {Hansen,Cu: Blacks counterplay in this opening is often connected with
controlling the black squares - or some counterpush with pawns on the white
squares - b7-b5, d6-d5 or f7-f5. With the textmove black plans f7-f5. However
his centercontrol is not strong enough, and he lacks space to make his rooks
work properly.} 19. Bd1 {Hansen,Cu: In principal whites "bad bishop" - because
his centerpaws are on white. However after f7-f5 the diagonals a2-g8 or b1-h7
might open up a bright future for this B.} Qe8 (19... a4 20. b4 axb3 21. axb3
$14) 20. Bc2 f5 {Tsesarsky: Maybe better to stay passive and wait... for
Zeitnot (?)} 21. exf5 gxf5 22. Rbe1 {[%csl Rc5,Re6][%cal Gb5c7,Yc7e8,Yc7a8]}
Qf7 (22... f4 $2 23. Bxc5 {[%csl Re6]} Nxc5 24. Nc7 $16) 23. Nd5 Rab8 (23... f4
$2 24. Bxc5 dxc5 25. Qd3 Bf6 26. Rxe6 $18) (23... Rae8 $5) (23... a4 $5 {
Tsesarsky}) 24. Bb1 {Hansen,Cu: White rearly takes his time in this game.
First the mentioned N-manouvre. Now slowly brings this B into its decisive
position - and of course black helps a little...} Bxb5 $6 {Hansen,Cu: After
this whites earlier moves become even stronger and more sophisticated than
what was neccesary - the diagonal b1-h7 is opened.} (24... a4 {Tsesarsky}) 25.
cxb5 b6 26. a3 $1 $16 {[%cal Gb1a2,Ya2f7,Yb2b4]} f4 (26... Nb3 {Tsesarsky} 27.
Qf2 Nbd4 (27... Ned4 28. Nxe7 Rbe8 29. Nc6 $18) 28. Nxe7 $1 $18) 27. Bxc5 $6 (
27. Bg1 Be5 28. Ba2 Qg7 29. b4 axb4 30. axb4 Nd7 31. Nxb6 Bc3 32. Qd1 Bxe1 33.
Rxe1 $16) 27... bxc5 28. Ba2 {[%cal Yd5c7]} Rb7 $2 (28... Nd4 29. Rxe7 Qh5 30.
Nxf4 (30. a4 Nf5 31. Rxg7 $44) 30... Qh6 31. g3 Nf5 32. Rxg7 Nxg7 $14) 29. Nc3
$18 Be5 30. Qd5 {[%cal Rd5e6,Rd5b7,Ya2c4,Ye6f7]} Nd8 31. Rxe5 {Tsesarsky:
Simple tactical solution.} dxe5 32. Qxd8 (32. Qxd8 Rxd8 33. Bxf7 Rd2 34. Rb1
$18) 1-0

[Event "Koop Tjuchem"]
[Site "Groningen"]
[Date "1996.??.??"]
[Round "9"]
[White "Kortschnoj, Viktor Lvovich"]
[Black "Akopian, Vladimir Eduardovic"]
[Result "1-0"]
[WhiteElo "2635"]
[BlackElo "2630"]
[Annotator "Lutz,C"]
[PlyCount "127"]
[EventDate "1996.12.20"]
[EventType "tourn"]
[EventRounds "11"]
[EventCountry "NED"]
[EventCategory "16"]
[SourceTitle "CBM 057"]
[Source "ChessBase"]
[SourceDate "1997.04.01"]
[SourceVersion "1"]
[SourceVersionDate "1997.04.01"]
[SourceQuality "1"]

1. Nf3 {Hecht} Nf6 2. c4 c6 3. Nc3 d5 4. e3 e6 5. d4 Nbd7 6. b3 (6. Be2 Bd6 7.
O-O Ne4 $5 8. Nd2 (8. Nxe4 {Dorfman,I} dxe4 9. Nd2 f5 10. c5 Bc7 11. b4 Nf6 $11
) 8... f5 9. Ndxe4 fxe4 10. f4 O-O 11. c5 Bc7 12. b4 a6 13. a4 g5 $13 {1/2-1/2
Gurevich,M-Dorfman,I/Moskva (GMA) 1990 (41)}) 6... Bd6 7. Be2 O-O 8. O-O Ne4 $5
{Schwarz nutzt aus, daß Weiß nicht Qc2 gespielt hat, um in einen Stonewall
überzulenken. Weniger verpflichtend sind Aufbauten mit ...b6.} 9. Qc2 f5 10. a4
Rf6 $5 {Schwarz wirft seine Figuren auf den Königsflügel. Das Problem ist
jedoch, daß Ra8 und Bc8 nicht mitspielen.} (10... Qe7 11. a5 $5) (10... a5 11.
Ba3 Bxa3 12. Rxa3 b6 13. Rc1 (13. cxd5 exd5 14. Nxe4 fxe4 15. Qxc6 exf3 16.
Qxd5+ Kh8 17. Qxa8 fxe2 18. Re1 Qe7 $13) 13... Bb7 {führt zu einer normalen
Stonewall-Stellung. Weiß darf sich einen leichten Vorteil ausrechnen, da er
die schwarzfeldrigen Läufer tauschen konnte. Allerdings ist der Einschub von
a2-a4 und ...a7-a5 eher hindelich für ihn, da er Schwierigkeiten hat, b4
durchzusetzen.}) 11. Ba3 Bb8 12. Rad1 Rh6 13. g3 Qe8 14. Kg2 a5 15. Rc1 {
Mit der Idee, zweimal auf d5 zuschlagen, da der Bc8 durchhängt.} Ndf6 16. Ne5
g5 {Plant ...g4, um das Feld e4 für den Springer zu sichern.} 17. h3 (17. f3 $2
Qh5) 17... Bc7 18. f3 Nxc3 (18... Qh5 19. Rh1) 19. Qxc3 Nd7 20. Rh1 Nxe5 21.
dxe5 Bd7 22. Kf2 Bb6 23. Bd6 Qf7 24. Rcg1 Kh8 25. c5 $16 {Weiß hat klaren
Vorteil, da er über zwei Ideen verfügt (b3-b4 und g3-g4), während Schwarz nur
abwarten kann.} Bd8 26. Qd4 Be7 27. Bd3 Re8 28. Ke2 Bd8 29. g4 Rh4 30. Bxf5 $1
Qg7 (30... exf5 31. e6+ $18) 31. Bd3 Qh6 32. Rg3 Rg8 33. b4 Be8 34. b5 Bg6 35.
e4 Qg7 36. bxc6 bxc6 37. Rb1 Qh6 38. exd5 Bxd3+ 39. Qxd3 cxd5 40. c6 Rxh3 41.
Rxh3 Qxh3 42. Rb8 Qh2+ 43. Kd1 Qf4 44. c7 Bxc7 45. Rxg8+ Kxg8 46. Bxc7 Qxa4+
47. Ke2 Qa2+ 48. Ke1 Qa1+ 49. Kf2 Qb2+ 50. Qe2 Qc3 51. Bd6 Kg7 52. Qb5 Qd2+ 53.
Kg3 Qf4+ 54. Kg2 Qd2+ 55. Kh3 Qf4 56. Qb7+ Qf7 57. Qxf7+ Kxf7 {[#] Hecht wK+L
vs 3 weit voneinander entfernte einzelne Freibauern. Tempofrage, Quadratregel;
passiver sK!} 58. Kg3 Kg6 59. Bc5 a4 60. Kf2 h6 (60... h5 {Hecht} 61. gxh5+
Kxh5 62. Kg3 Kg6 (62... Kh6 63. Kg4 Kg6 64. Bb4 d4 65. f4 d3 (65... gxf4 66.
Kxf4 d3 67. Ke3 Kf5 68. Bc3 $18) 66. fxg5 a3 67. Kf3 a2 68. Bc3 d2 69. Ke2 $18)
63. Kg4 Kh6 64. Be3 a3 65. Bxg5+ Kg6 66. Bc1 a2 67. Bb2) 61. Ke3 h5 62. Kd3 h4
63. Kc3 a3 (63... h3 {Hecht} 64. Bg1 a3 (64... d4+ 65. Kxd4 a3 66. Kc3 $18) 65.
Kb3 d4 66. Kxa3 d3 67. Kb3 $18) 64. Kb3 1-0

[Event "Koop Tjuchem"]
[Site "Groningen"]
[Date "1996.??.??"]
[Round "10"]
[White "Onischuk, Alexander"]
[Black "Kortschnoj, Viktor Lvovich"]
[Result "0-1"]
[WhiteElo "2605"]
[BlackElo "2635"]
[Annotator "Alterman,B"]
[PlyCount "82"]
[EventDate "1996.12.20"]
[EventType "tourn"]
[EventRounds "11"]
[EventCountry "NED"]
[EventCategory "16"]
[SourceTitle "CBM 057"]
[Source "ChessBase"]
[SourceDate "1997.04.01"]
[SourceVersion "1"]
[SourceVersionDate "1997.04.01"]
[SourceQuality "1"]

1. d4 Nf6 2. c4 e6 3. Nc3 Bb4 4. Qc2 O-O 5. a3 Bxc3+ 6. Qxc3 b6 7. Bg5 Ba6 8.
g3 (8. e3 d6 9. Bd3 (9. Nf3 Nbd7 10. Bd3 c5 11. O-O (11. b4 cxd4 12. exd4 Rc8
13. Qb3 h6 14. Bh4 Qc7 15. Rc1 e5 16. dxe5 dxe5 17. Bg3 Nh5 18. O-O Nxg3 19.
hxg3 e4 $8 20. Bxe4 Bxc4 21. Qb2 b5 $10 {Lautier,J-Korchnoi,V/SUI-cht/1994/0:1/
39/}) 11... Rc8 12. b3 h6 13. Bh4 Qe7 14. Qb2 Bb7 15. Nd2 g5 16. Bg3 Nh5 17. f3
Nxg3 18. hxg3 f5 19. Rad1 Qg7 20. Rfe1 h5 21. Qa1 h4 22. Nf1 g4 {Arlandi,
E-Mantovani,R/ch-ITA Mantova (07) 1996/0-1 (47)}) 9... Nbd7 10. Ne2 (10. Nf3)
10... c5 11. Qb3 (11. O-O h6 12. Bh4 cxd4 13. exd4 Rc8 14. Qb3 e5 15. Qa4 Bb7
16. Bf5 g5 17. Bg3 Rc7 18. Rad1 Qe7 19. Nc3 a6 20. Rfe1 Re8 21. Qb3 Qf8 22.
dxe5 dxe5 23. Na4 b5 24. cxb5 axb5 25. Nc3 Bc6 26. Nxb5 {1-0 Hoang Th
Trang-Kachiani_Gersinska Ketino/Olympiad (w) Yerevan (Armenia) (7) 1996 (43)})
(11. b4 cxd4 12. exd4 Rc8 13. Qb3 h6 14. Bh4 e5 15. Rc1 (15. b5 Bb7 16. O-O e4
$5 17. Bb1 Qc7 18. Ba2 d5 19. Qa4 Qb8 (19... dxc4 $6 20. Bg3 Qd8 21. Qxa7 Bd5
22. Nc3 Ra8 23. Qc7 $16) 20. Bg3 Qa8 21. Nc3 (21. Rac1 $5 dxc4 22. Bxc4 Bd5 23.
Bxd5 Nxd5 24. Rc6 Ne7 25. Rfc1 $6 Nxc6 26. bxc6 Nf6 $17) 21... Rfe8 {1/2-1/2
Baburin,A-Rozentalis,E/Copenhagen op Chekhov 1996 (31)}) 15... e4 16. Bb1 $6 (
16. Bxe4 $5 g5 17. Bf3 d5 18. b5 Bb7 19. Bg3 Re8 20. Qb2 Ba8 21. h4 $14) 16...
d5 17. b5 $1 (17. cxd5 Rxc1+ 18. Nxc1 Qc8 $1 19. Ne2 Bc4 20. Qc2 Bd3 21. Qb3
Bc4 $10) 17... dxc4 (17... Bb7 18. O-O dxc4 19. Rxc4 Bd5 20. Rxc8 Qxc8 $15) 18.
Rxc4 Rxc4 19. Qxc4 Bb7 20. O-O Qa8 {1-0 Vera,R-Izeta,F/Leon-B Tsesarsky 1996 
(38)} (20... e3 $2 21. fxe3 Qe7 22. Qb3 Re8 23. Bf2 Ne4 24. Ba2 $16)) (11. dxc5
Nxc5 12. Bc2 Rc8 13. Qd4 h6 14. Bxf6 Qxf6 15. b3 b5 16. Qxf6 gxf6 17. cxb5 Bxb5
$15 {Azmaiparashvili,Z-Korchnoi,V/Moscow PSA 25'/1995/0,5/62/}) 11... Qc8 12.
Rc1 Qb7 13. O-O cxd4 14. exd4 d5 15. cxd5 Nxd5 16. Bxa6 Qxa6 17. Nc3 N7f6 18.
Bxf6 Nxf6 19. Rfd1 Rac8 20. d5 exd5 21. Nxd5 Nxd5 22. Qxd5 Rxc1 23. Rxc1 Qe2
24. Qd4 Qe7 25. Rd1 {1/2-1/2 Arlandi Ennio-Hellsten Johan/Olympiad Yerevan 
(Armenia) (2) 1996}) (8. Nf3 $5 c5 (8... d6 $5 9. e3 (9. e4 {- 64/(490)}) 9...
Nbd7 10. Bd3 c5 11. O-O h6 (11... Rc8 12. d5 exd5 13. cxd5 Bxd3 14. Qxd3 Qe7
15. Rad1 Qe4 16. Qb3 Rfe8 17. Bf4 c4 18. Qa4 Nc5 19. Qxa7 Nd3 20. Qxb6 Nxd5 {
Bacrot,E-Kortchnoi,V/Cannes mT (01) 1996/0-1 (50)}) 12. Bh4 cxd4 (12... Rc8 $5
{/\ 13...cd4 14.ed4 b5} 13. d5 $5 exd5 14. cxd5 Bxd3 15. Qxd3 $14) 13. exd4 Rc8
14. b3 $6 (14. Qb4 $1 e5 15. Nd2 exd4 16. Qxd6 Nc5 17. Qxd8 Rcxd8 18. Bf5 $14)
14... b5 $1 $10 15. Nd2 Rc6 (15... bxc4 16. bxc4 Bxc4 17. Nxc4 d5 18. Qb3 dxc4
19. Bxc4 Nb6 $10) 16. Qb2 bxc4 17. bxc4 (17. Nxc4 $2 d5 18. Ne5 Nxe5 19. dxe5
Bxd3 20. exf6 g5 21. Rfd1 Bc2 22. Rd2 gxh4 23. Rc1 d4 $1 $17) (17. Bxc4 $5 Bxc4
18. Nxc4 $13) 17... Qc7 18. Rfc1 Rc8 (18... Rb8 $142) 19. Bf1 $1 e5 (19... d5
20. c5) 20. Re1 $1 Qb6 (20... Re8 $5) 21. Qxb6 Rxb6 22. c5 $1 $14 {1-0 Sokolov,
I-Kortchnoi,V/Antwerpen 64/490 1995 (43)}) 9. dxc5 bxc5 10. e3 Nc6 11. Bd3 Qa5
12. Bxf6 gxf6 13. b4 cxb4 14. Qxf6 bxa3+ 15. Ke2 Qc5 16. Rhc1 Qe7 17. Qxe7 Nxe7
18. Rxa3 $16 {Hansen,L-Farago,I/Denmark/1990/1|0/31/}) 8... d5 $1 {Black has
to finish his development first,and will be logical to open position on the
centre.White's dreams about comfortable development ,like Catalon opening Bg2,
Nf3 ,0-0 -" Go to the window".} 9. b3 h6 (9... Ne4 10. Bxd8 Nxc3 11. Be7 Re8
12. Bb4 Ne4 13. Bg2 $14) 10. Bxf6 Qxf6 11. Bg2 c5 $1 {Opened all lines and
diagonals} 12. cxd5 exd5 13. Rc1 (13. Bxd5 Nc6 (13... cxd4 $2 {would be great
except for} 14. Qf3 Qxf3 15. Nxf3 $18) 14. Rc1 (14. Qf3 Nxd4 15. Qxf6 gxf6 16.
Bxa8 Nc2+ 17. Kd2 Nxa1 $19) 14... Rad8 15. Bxc6 Qxc6 16. f3 Rfe8 {With
decisive attack for Black.}) 13... cxd4 14. Qf3 Nd7 15. Qxf6 Nxf6 16. Nf3 d3
17. exd3 Bxd3 18. Nd4 (18. Kd2 Be4 $17) 18... Rfc8 $17 {Resault of strong play
in the opening,Black has a pawn up in the endgame,but to win this position not
so easy.} 19. Kd2 Ba6 20. Rxc8+ (20. f3 $5 Rxc1 21. Rxc1 Rc8 22. Rxc8+ Bxc8 23.
Ke3) 20... Rxc8 21. f3 Kf8 22. Bh3 Rc5 23. Re1 g6 (23... Bc8 24. Bf1 $17) 24.
Re5 Bc8 25. Bf1 Bd7 26. Bd3 Rc8 27. Re1 Ng8 $1 {Black need eliminating the
strong knight on d4.} 28. Ba6 Rc7 29. Bd3 Ne7 30. Re2 Nc6 31. Nxc6 (31. Nb5 Rc8
) 31... Bxc6 32. Re1 (32. Kc3 d4+ 33. Kxd4 Bxf3 $17) 32... Bb7 33. f4 d4 34.
Bc4 (34. Be4 Bxe4 35. Rxe4 Rc3 36. Rxd4 Rxb3 $19) 34... Bc6 35. f5 (35. Ba6 Bd5
) 35... gxf5 36. Re5 Be4 37. a4 (37. Bd3 Bxd3 38. Kxd3 Rc3+ 39. Kxd4 Rxb3 $19)
37... Rc5 $19 38. Rxc5 bxc5 39. a5 Ke7 40. a6 f6 41. Ke2 Kd6 0-1

[Event "Koop Tjuchem"]
[Site "Groningen"]
[Date "1996.??.??"]
[Round "11"]
[White "Kortschnoj, Viktor Lvovich"]
[Black "Hodgson, Julian M"]
[Result "1-0"]
[WhiteElo "2635"]
[BlackElo "2550"]
[Annotator "Ribli,Z"]
[PlyCount "99"]
[EventDate "1996.12.20"]
[EventType "tourn"]
[EventRounds "11"]
[EventCountry "NED"]
[EventCategory "16"]
[SourceTitle "CBM 057"]
[Source "ChessBase"]
[SourceDate "1997.04.01"]
[SourceVersion "1"]
[SourceVersionDate "1997.04.01"]
[SourceQuality "1"]

1. c4 {Hecht} e5 2. Nc3 d6 3. g3 Nc6 4. Nf3 f5 {Diese Variante führt zu
kompliziertem Spiel, bei dem die Remiswarscheinlichkeit gering ist. Schwarz
spielt agressiv, in einigen Varianten gibt er die positionellen Prinzipen auf.
Er strebt nach aktivem Spiel am Königsflügel.Ribli.} 5. d4 e4 6. Ng5 (6. d5 Ne5
7. Nd4 h5 8. f3 h4 9. Bg2 h3 10. Bf1 Nf6 11. Qc2 Qe7 12. fxe4 Nxe4 13. Nxe4
fxe4 14. Qxe4 Bd7 15. Nf3 O-O-O 16. Nxe5 dxe5 17. Bd2 Qf6 18. Qe3 b6 19. b4 c6
20. Qa3 $16 {Lautier,J-Short,N/Dortmund 1995/}) 6... h6 (6... Be7 7. h4 Bf6 8.
Be3 Nh6) 7. Nh3 g5 {Schwarz schwächt seine Bauernstellung, aber er läßt nicht
zu, daß Weiss Nf4 spielt. Ribli.} 8. f3 exf3 9. exf3 Bg7 10. d5 (10. Be3 $5 Qe7
$2 (10... f4 11. gxf4 Bxh3 (11... gxf4 12. Nxf4 Qh4+ 13. Ke2) 12. Bxh3 gxf4 13.
Bxf4 $2 (13. Bf2 $16) 13... Qh4+) 11. Nd5) 10... Qe7+ 11. Kf2 Ne5 (11... Bxc3
$5 12. bxc3 Ne5 13. f4 Ng4+ 14. Kg1 $13) 12. f4 Ng4+ 13. Kg2 Bd7 (13... Bxc3
14. bxc3 Qe4+ 15. Qf3 (15. Kg1 Ne3 16. Qh5+ Kf8 17. Qe2 Nxf1 $13)) 14. Qe2 Bxc3
15. bxc3 Qxe2+ 16. Bxe2 gxf4 17. Nxf4 O-O-O $6 (17... N8f6 $5) 18. Ng6 {
Weiß hat die Doppelbauern c3-c4, aber das Spiel findet am Königsflügel statt,
und die weißen Bauernschwächen haben jetzt keine Bedeutung. Wichtiger ist, daß
Schwarz zwei schwache Bauer auf f5 und h6 hat.Weiss besitzt auch das
Läuferpaar, und Raumvorteil, so daß seine Chancen besser sind. Ribli.} Rh7 19.
Rf1 Re8 $6 (19... Ne7 $5) 20. Bd3 Ne7 (20... Rf7 21. Nh4 Ne7 22. Bf4 Rg8 23.
Rae1 $14) 21. Re1 Nxg6 (21... h5 22. Bg5 $2 Nxg6 23. Rxe8+ (23. Bxf5 $2 Rxe1
24. Rxe1 Bxf5 $4 (24... N4e5 $19) 25. Re8+ Kd7 26. Rd8#) 23... Bxe8 24. Bxf5+
Kb8 $19) (21... Rg7) 22. Rxe8+ Bxe8 23. Bxf5+ Bd7 24. Bxg6 Re7 25. Bd3 Re1 26.
Rb1 {Weiss hat einen Mehrbauern, aber was wichtiger ist, er kann sich
Freibauern am Königsflügel schaffen. Zusammen mit seinem Läuferpaar
entscheidet das die Partie. Ribli.} Ne5 27. Bd2 Rxb1 28. Bxb1 {[#] Hecht
starkes Läuferpaar in Verbindung mit einem h-Freibauern Technik + Taktik} h5 (
28... Nxc4 29. Bxh6 $18) 29. Bf4 $16 Nxc4 30. Bg6 Bg4 {Das Problem des
Schwarzen ist, daß er kein Gegenspiel hat. Im folgenden schafft Weiß sich
einen Freibauern auf der h-Linie, gewinnt eine Figure und mit guter Technik
auch die Partie. Ribli.} 31. h3 Bd1 32. g4 $1 hxg4 33. h4 $1 $18 Nb6 (33...
Bf3+ 34. Kg3 Bxd5 35. h5 Bg8 36. h6 $18) 34. h5 Nd7 (34... Nxd5 35. Bg5 g3 36.
h6 $18) 35. Bf5 Kd8 36. h6 Nf8 (36... Nf6 37. Bg5 Ke7 38. h7 $18) 37. Kg3 Bf3
38. c4 b6 (38... Be2 39. c5 dxc5 40. d6 cxd6 (40... c6 $2 41. d7 $18) 41. Bxd6
Ke8 $5) 39. Kf2 a6 40. h7 Nxh7 41. Bxh7 {Weiss hat eine Mehrfigur. Er muß nur
einen gesunden Bauern halten und gewinnt leicht. Ribli,} b5 42. Bd3 Kc8 43. Ke3
Kb7 44. Kd4 Kb6 45. Bg3 Bg2 46. Kc3 Bf3 (46... Kc5 47. Bf2#) 47. Bf2+ Kb7 48.
Kb4 c6 49. dxc6+ Bxc6 50. a4 {Ribli} (50. a4 {Hecht} bxa4 51. Bf5 Bf3 52. Kxa4
Kc6 53. Ka5 d5 54. c5 d4 55. Bxd4 g3 56. Kxa6 g2 57. Bg1 Bd5 58. Ka5 {[%csl
Rg2][%cal Ga5c3,Gc3d4,Gf5e4]} Bf3 59. Kb4 Bd5 60. Kc3 Bf3 61. Kd4 Kc7 62. Be4
$18) 1-0

[Event "Kettler Cup rap"]
[Site "Ceska Trebova"]
[Date "1997.??.??"]
[Round "3"]
[White "Kortschnoj, Viktor Lvovich"]
[Black "Ftacnik, Lubomir"]
[Result "1-0"]
[WhiteElo "2635"]
[BlackElo "2595"]
[PlyCount "141"]
[EventDate "1997.??.??"]
[EventType "tourn (rapid)"]
[EventRounds "6"]
[EventCountry "CZE"]
[SourceTitle "EXT 1998"]
[Source "ChessBase"]
[SourceDate "1997.11.17"]
[SourceVersion "1"]
[SourceVersionDate "1997.11.17"]
[SourceQuality "1"]

1. Nf3 Nf6 2. c4 c5 3. d4 cxd4 4. Nxd4 e6 5. g3 Nc6 6. Bg2 Bc5 7. Nb3 Be7 8.
Nc3 b6 9. Bf4 O-O 10. O-O Ba6 11. Nb5 d5 12. Nc7 Bxc4 13. Nxa8 Qxa8 14. Rc1 e5
15. Bg5 Rd8 16. Re1 h6 17. Bxf6 Bxf6 18. Qc2 Qb8 19. Nd2 Nd4 20. Qd1 Ba6 21.
Nb1 e4 22. Nc3 Bb7 23. Qd2 Ne6 24. Rcd1 Qa8 25. Qc2 Rc8 26. Qb1 Bxc3 27. bxc3
Rxc3 28. Rc1 Rc5 29. Qb2 d4 30. Rxc5 bxc5 31. Rb1 Bd5 32. Qb8+ Qxb8 33. Rxb8+
Kh7 34. a4 f5 35. Kf1 c4 36. Ke1 c3 37. Kd1 Nc5 38. Kc2 d3+ 39. Kxc3 dxe2 40.
Kd2 e3+ 41. Kxe2 Bxg2 42. f3 Nxa4 43. Ra8 Nc3+ 44. Kxe3 Nb5 45. Kf2 Bh3 46. Rb8
Nd6 47. Ra8 Nb5 48. Rb8 Nd6 49. Rb4 g5 50. Ra4 Nc8 51. Rc4 Nd6 52. Rc7+ Kg8 53.
Rxa7 f4 54. g4 h5 55. gxh5 Bf5 56. Ra5 Kg7 57. Rd5 Ne4+ 58. fxe4 Bxe4 59. Rxg5+
Kh6 60. Re5 Bb7 61. Rf5 f3 62. Kg3 Be4 63. Rc5 Bb7 64. Kf2 Be4 65. Ke3 Bb7 66.
h3 Ba8 67. Rb5 Kg7 68. Rb6 Bd5 69. Rd6 Ba8 70. h6+ Kh7 71. h4 1-0